| Registos Bibliográficos associados ao registo de autoridade |
|
Etiqueta de registo: 00254nam 2200025 450 001 2159092 003 http://id.bnportugal.gov.pt/bib/catbnp/2159092 010 ## $a978-972-588-366-2 021 ## $aPT$b524579/23 100 ## $a20240306d2023 m d0pory01030103ba 101 0# $apor 102 ## $aPT 105 ## $aa b 000yy 106 ## $ar 200 1# $aMuseu - 100 peças, 100 anos de história$forg. Câmara Municipal de Viana do Castelo$gcoord. Salomé Abreu$gtextos Regina Pereira, Ricardo Rodrigues, Henrique Costa$gfot. Henrique Costa, Ricardo Rodrigues, Américo Dias 210 #9 $aViana do Castelo$cCâmara Municipal de Viana do Castelo,$d2023 215 ## $a101, [1] p.$cil.$d21 cm 675 ## $a069.5(469.111)"1923/2023"(091)$vBN$zpor$31909501 675 ## $a903/904"63/00"(083.82)$vBN$zpor$31909502 675 ## $a73/75"14/18"(083.82)$vBN$zpor$31898070 702 #1 $aAbreu,$bSalomé Carvalhido Videira de$4340$31428873 702 #1 $92$aPereira,$bRegina$4070$31909278 702 #1 $aRodrigues,$bRicardo,$f1976-$4070$31306739 702 #1 $aCosta,$bHenrique Antunes Prata Dias da,$f1978-$4070$31632314 702 #1 $aDias,$bAmérico$4600$31909279 712 01 $aViana do Castelo.$bCâmara Municipal$4273$320576 801 #0 $aPT$bBN$gRPC 856 41 $uhttp://rnod.bnportugal.gov.pt/ImagesBN/winlibimg.aspx?skey=&doc=2159092&img=192395&save=true 900 ## $aBIBNAC$d20240419 966 ## $lBN$mFGMON$sP. 65780 V.$x1 966 ## $lBN$mFGMON$sP. 65780 V.-D$x1 971 ## $ciquintas$d20240306 972 ## $e0$z0$d20240419$vasantos 973 ## $cmlsousa$d20240307
Etiqueta de registo: 00254nam 2200025 450 001 2284186 003 http://id.bnportugal.gov.pt/bib/catbnp/2284186 010 ## $a978-972-588-362-4 021 ## $aPT$b515655/23 100 ## $a20260413d2023 m d0pory01030103ba 101 0# $apor$aeng 102 ## $aPT 105 ## $aa b 000yy 106 ## $ar 200 1# $aViana$e uma vocação marítima$ena rota do Oriente$dViana$e the call of the sea$eon the route to the Orient$fMensagem Luís Nobre$gorg. Câmara Municipal de Viana do Castelo$gcoord. Salomé Abreu$gtextos Henrique Costa, Ricardo Rodrigues, Regina Pereira$gtrad. Anabela Reis Alves$gfot. Rui Carvalho Design$zeng 210 #9 $aViana do Castelo$cCâmara Municipal de Viana do Castelo$cMuseu de Artes Decorativas de Viana do Castelo,$d2023 215 ## $a125, [2] p.$cil.$d29 cm 305 ## $aEd. bilingue em português e inglês 510 1# $aViana$e the call of the sea$eon the route to the Orient$zeng 702 #1 $aDesign,$bRui Carvalho$4600$31995466 702 #1 $aAlves,$bAnabela Reis$4730$31310303 702 #1 $92$aPereira,$bRegina$4070$31909278 702 #1 $aRodrigues,$bRicardo,$f1976-$4070$31306739 702 #1 $aCosta,$bHenrique$4070$3156462 702 #1 $aSalomé,$bAbreu$4340$31227939 702 #1 $94$aNobre,$bLuís$4080$31876170 712 01 $aViana do Castelo.$bCâmara Municipal$4340$320576 801 #0 $aPT$bBN$gRPC 966 ## $lBN$mFGMON$x1 966 ## $lBN$mFGMON$x1 971 ## $cabrito$d20260413
|
|
|